000 01353cam a22002174a 4500
005 20250605164134.0
008 250528s ||||||||||||||||||||||||d
035 _a18692
020 _a9607155009
040 _aGR-AtMCL
_bgre
_dGR-AtMCL
_eAACR2
245 1 _aΒασικες Γνωσεις για το Παιδικο και Νεανικο Βιβλιο / Βασικές και Πρακτικές Γνώσεις χρήσιμες σε Εκπαιδευτικούς και Γονείς: Β' Έκδοση
250 _a
260 _c1991
300 _a184
520 _aΤο βιβλίο αυτό είναι, τελικά, ένα πολύτιμο εργαλείο. Συνδυάζει τη θεωρία και την πράξη με τρόπο ευχάριστο και αποτελεσματικό. Εισαγωγικά, Περιεχόμενα, Γενικά για το Βιβλίο, Μικρά Θεωρητικά, Πεζογραφία για Παιδιά και Νέους, Ποίηση για Παιδιά και Νέους, Θέατρο για Παιδιά, Από τη Θεωρία στην Πράξη, Θέματα Ειδικά, Γενικά Πληροφοριακά Στοιχεία.
700 1 _aΔελωνής Αντώνης
_94944
700 1 _aΝικη Αντ. Δελωνη
_94945
942 _cBK
999 _c4021
_d4021